Spanische Inseln und ihre größten Städte - Statistiken

Allgemein
  • Dieses Quiz wurde 118 mal gespielt
  • Das Durchschnittsergebnis liegt bei 11 aus 20
Antwortstatistiken
Fläche (km²) Einwohner Antwort % Korrekt
3.640 940.332 Mallorca
98%
Palma de Mallorca
96%
694 99.005 Menorca
94%
571 151.827 Ibiza
89%
Ibiza
89%
2.034 944.107 Teneriffa
79%
1.560 857.171 Gran Canaria
75%
1.660 120.021 Fuerteventura
74%
Las Palmas
72%
845 161.378 Lanzarote
67%
708 83.875 La Palma
47%
369 21.678 La Gomera
45%
268 11.298 El Hierro
35%
Santa Cruz
33%
Arrecife
20%
Puerto del Rosario
14%
Los Llanos de Aridane
12%
Mahón
11%
San Sebastián
9%
Valverde
5%
Keine übereinstimmenden Quizze gefunden
Verteilung der Resultate
Anzahl Personen mit jedem Resultat
Perzentil nach korrekt beantworteten Fragen
Ihre Resultats-Entwicklung
Sie haben dieses Quiz noch nicht gespielt